000 00650nam a22002297a 4500
003 BJBSDDR
005 20260423101918.0
007 ta
008 260423s2013 dr ||||| |||| 00| 0 spa d
020 _a9789945165876
020 _a9945165879
040 _bspa
_cBJBSDDR
041 _aspa
050 _bG216 2013
100 1 _aGarcía Guerra, Iván
_948068
245 1 0 _a Manual de actuación teatral /
_cIván García Guerra
250 _aPrimera edición
260 _aSanto Domingo, República Dominicana :
_bEditora Búho, S. R. L.,
_c2013
300 _a254 páginas :
_bilustraciones ;
_c24 cm
942 _2lcc
_n0
_cBK
946 _icmc
999 _c126891
_d126891